[Event "GBR-ch86"]
[Site "Scarborough"]
[Date "1999.08.11"]
[Round "9.46"]
[White "Mercs, Peter J"]
[Black "Bushill, Michael"]
[Result "0-1"]
[WhiteElo "2123"]
[BlackElo "2072"]
[PlyCount "102"]
[EventDate "1999.08.02"]
[EventType "swiss"]
[EventRounds "11"]
[EventCountry "GBR"]

1. e4 c5 2. Nf3 d6 3. d4 cxd4 4. Nxd4 Nf6 5. Nc3 a6 6. f3 e6 7. Be3 b5 8. Qd2
Nbd7 9. g4 h6 10. O-O-O Bb7 11. h4 b4 12. Nb1 d5 13. Bh3 g5 14. hxg5 hxg5 15.
Bxg5 dxe4 16. fxe4 Nxe4 17. Bxd8 Nxd2 18. Bg2 Rxh1 19. Bxh1 Bxh1 20. Nxd2 Rxd8
21. Rxh1 Ne5 22. N2b3 Nxg4 23. Re1 Rd5 24. c4 bxc3 25. bxc3 Bh6+ 26. Kb1 Ne3
27. c4 Rh5 28. c5 Kd7 29. Re2 e5 30. Nf3 e4 31. Nfd4 f5 32. Na5 f4 33. c6+ Kc8
34. Nb7 Rh1+ 35. Kb2 f3 36. Nd6+ Kb8 37. Rc2 Nxc2 38. Ne6 Bg7+ 39. Kxc2 Rh8 40.
c7+ Ka7 41. Nd8 Rh2+ 42. Kb3 Rb2+ 43. Ka4 Rxa2+ 44. Kb4 Rb2+ 45. Kc5 Rc2+ 46.
Nc4 Rxc4+ 47. Kxc4 f2 48. c8=Q f1=Q+ 49. Kb3 Qb1+ 50. Ka3 Bf8+ 51. Ka4 Qb4# 0-1

[Event "GBR-ch86"]
[Site "Scarborough"]
[Date "1999.08.12"]
[Round "10.1"]
[White "Rowson, Jonathan"]
[Black "Hodgson, Julian M"]
[Result "1/2-1/2"]
[WhiteElo "2490"]
[BlackElo "2605"]
[PlyCount "111"]
[EventDate "1999.08.02"]
[EventType "swiss"]
[EventRounds "11"]
[EventCountry "GBR"]

1. e4 d6 2. d4 Nf6 3. Nc3 g6 4. Nf3 Bg7 5. Be3 c6 6. Qd2 Qa5 7. Bd3 Bg4 8. Ne2
Qc7 9. Ng3 Nbd7 10. c3 e5 11. h3 Bxf3 12. gxf3 d5 13. O-O-O O-O-O 14. Kb1 Rhe8
15. Qc2 Kb8 16. Rhe1 h5 17. Bg5 Rc8 18. dxe5 Nxe5 19. Be2 Ka8 20. Qb3 Ned7 21.
Bf1 Bf8 22. Qc2 Bd6 23. Qd2 Bxg3 24. fxg3 dxe4 25. Bf4 Ne5 26. fxe4 Re6 27. Qf2
Nfd7 28. Rd4 Nb6 29. Red1 Qe7 30. Be2 f6 31. Qf1 Nf7 32. a4 c5 33. R4d2 g5 34.
a5 gxf4 35. axb6 Rxb6 36. Qxf4 Ne5 37. Bxh5 a6 38. Be2 Ka7 39. h4 Qf7 40. Rd5
Qe8 41. Rd6 Rcc6 42. Rxc6 Qxc6 43. Rd5 Qa4 44. h5 Nc4 45. Bxc4 Qxc4 46. Qe3
Qf1+ 47. Kc2 Qa1 48. Qc1 Qa4+ 49. Kd3 Re6 50. Qe3 Qd1+ 51. Kc4 Qa4+ 52. b4 Qa2+
53. Kd3 Qb1+ 54. Kd2 Qa2+ 55. Kd3 Qb1+ 56. Kd2 1/2-1/2

[Event "GBR-ch86"]
[Site "Scarborough"]
[Date "1999.08.12"]
[Round "10.2"]
[White "Rahman, Ziaur"]
[Black "Emms, John M"]
[Result "1-0"]
[WhiteElo "2461"]
[BlackElo "2586"]
[PlyCount "187"]
[EventDate "1999.08.02"]
[EventType "swiss"]
[EventRounds "11"]
[EventCountry "GBR"]

1. c4 c5 2. Nf3 Nf6 3. d4 cxd4 4. Nxd4 e5 5. Nb5 d5 6. cxd5 Bc5 7. g3 O-O 8.
N5c3 Re8 9. Bg2 e4 10. O-O Bf5 11. Na3 Na6 12. Be3 Bb4 13. Nab5 Nc7 14. Nxc7
Qxc7 15. Qb3 Qa5 16. Rfd1 Rad8 17. Bg5 Bxc3 18. bxc3 Rxd5 19. Bxf6 Rxd1+ 20.
Rxd1 Be6 21. Qc2 gxf6 22. Bxe4 Qxa2 23. Bxh7+ Kg7 24. Qxa2 Bxa2 25. Bd3 a6 26.
Ra1 Bd5 27. f3 Rc8 28. Ra3 Rc5 29. Kf2 f5 30. Ke3 a5 31. c4 Be6 32. Rb3 Bxc4
33. Bxc4 Rxc4 34. Rxb7 Rc3+ 35. Kf4 Kg6 36. Rb5 Rc4+ 37. Ke3 Ra4 38. h3 Ra2 39.
g4 fxg4 40. hxg4 a4 41. f4 a3 42. Rb6+ Kg7 43. g5 Rb2 44. Ra6 a2 45. Kf3 Rb3+
46. e3 Rb2 47. f5 Rb5 48. e4 Rb2 49. Ra7 Kg8 50. Kf4 Rf2+ 51. Ke5 Rb2 52. f6
Rb5+ 53. Kf4 Rb2 54. e5 Rg2 55. Kf5 Rf2+ 56. Ke4 Rg2 57. Kd5 Rxg5 58. Rxa2 Rg1
59. Kd6 Rb1 60. Rc2 Rb6+ 61. Rc6 Rb8 62. Rc7 Rb6+ 63. Kc5 Ra6 64. Rd7 Ra5+ 65.
Kd6 Ra6+ 66. Kc7 Ra7+ 67. Kd8 Ra5 68. Re7 Ra8+ 69. Kc7 Ra7+ 70. Kb6 Ra1 71. Rd7
Re1 72. Rd5 Kh7 73. Kc6 Kg6 74. Kd6 Ra1 75. Rc5 Ra6+ 76. Rc6 Ra7 77. Rc8 Ra6+
78. Kd7 Kf5 79. Re8 Ra7+ 80. Kd8 Ra5 81. Re7 Ra8+ 82. Kd7 Kg6 83. Re8 Ra7+ 84.
Kd6 Kf5 85. Rb8 Ra6+ 86. Ke7 Ra7+ 87. Kf8 Kxe5 88. Kg7 Kf5 89. Rb5+ Ke6 90. Rb1
Ra2 91. Rb6+ Kf5 92. Kxf7 Ra7+ 93. Kg8 Ra8+ 94. Kg7 1-0

[Event "GBR-ch86"]
[Site "Scarborough"]
[Date "1999.08.12"]
[Round "10.3"]
[White "Gormally, Daniel"]
[Black "Kosten, Anthony"]
[Result "1/2-1/2"]
[WhiteElo "2476"]
[BlackElo "2515"]
[PlyCount "93"]
[EventDate "1999.08.02"]
[EventType "swiss"]
[EventRounds "11"]
[EventCountry "GBR"]

1. e4 c5 2. Nf3 d6 3. d4 Nf6 4. Nc3 cxd4 5. Nxd4 a6 6. Bc4 e6 7. Bb3 b5 8. O-O
Be7 9. Qf3 Qc7 10. Qg3 Nc6 11. Nxc6 Qxc6 12. Re1 Bb7 13. f3 O-O 14. Bh6 Ne8 15.
Rad1 Kh8 16. Bf4 Rd8 17. a3 Nf6 18. Be3 Nd7 19. Bd4 Bf6 20. Bxf6 Nxf6 21. Rd2
Rd7 22. Red1 Rfd8 23. Ne2 Qc5+ 24. Qf2 Kg8 25. Nd4 Qe5 26. c3 d5 27. exd5 Nxd5
28. Re1 Qg5 29. Bxd5 Rxd5 30. Rde2 h6 31. Qg3 Qxg3 32. hxg3 g5 33. f4 Kh7 34.
Kf2 R5d7 35. Re5 Rg8 36. f5 exf5 37. Rxf5 Kg6 38. Rfe5 Rgd8 39. R1e2 h5 40. Kg1
Bd5 41. Re1 Bb7 42. Rf1 Bd5 43. Ref5 Rd6 44. Re5 Be6 45. Rfe1 Bg4 46. Re7 R6d7
47. R7e5 1/2-1/2

[Event "GBR-ch86"]
[Site "Scarborough"]
[Date "1999.08.12"]
[Round "10.4"]
[White "Wells, Peter K"]
[Black "Ward, Christopher G"]
[Result "1-0"]
[WhiteElo "2476"]
[BlackElo "2473"]
[PlyCount "81"]
[EventDate "1999.08.02"]
[EventType "swiss"]
[EventRounds "11"]
[EventCountry "GBR"]

1. Nf3 c5 2. c4 g6 3. d4 cxd4 4. Nxd4 Nc6 5. e4 Nf6 6. Nc3 d6 7. Be2 Nxd4 8.
Qxd4 Bg7 9. Bg5 O-O 10. Qd2 Be6 11. Rc1 Qa5 12. f3 Rfc8 13. b3 Kf8 14. h4 a6
15. h5 Rc5 16. f4 b5 17. hxg6 fxg6 18. Bxf6 Bxf6 19. Rxh7 Bg8 20. e5 dxe5 21.
fxe5 Bg5 22. Qxg5 Bxh7 23. Qh4 Kg8 24. Qxe7 Rc7 25. Qd6 Re8 26. Kf2 Rf7+ 27.
Bf3 bxc4 28. e6 Rfe7 29. b4 Qc7 30. Qxc7 Rxc7 31. Nd5 Rce7 32. Nxe7+ Rxe7 33.
Rxc4 Kg7 34. Rc6 Ra7 35. Be2 a5 36. b5 Ra8 37. Rc7+ Kh6 38. b6 g5 39. e7 Be4
40. Bf3 Bxf3 41. gxf3 1-0

[Event "GBR-ch86"]
[Site "Scarborough"]
[Date "1999.08.12"]
[Round "10.5"]
[White "Lalic, Bogdan"]
[Black "Lane, Gary William"]
[Result "1/2-1/2"]
[WhiteElo "2550"]
[BlackElo "2409"]
[PlyCount "52"]
[EventDate "1999.08.02"]
[EventType "swiss"]
[EventRounds "11"]
[EventCountry "GBR"]

1. d4 Nf6 2. c4 g6 3. Nc3 Bg7 4. e4 d6 5. f3 O-O 6. Nge2 Nc6 7. Bg5 a6 8. Qd2
Rb8 9. Rc1 Bd7 10. b3 b5 11. d5 Na7 12. cxb5 axb5 13. b4 e6 14. dxe6 fxe6 15.
e5 dxe5 16. Ng3 Nc6 17. Bxb5 Nd4 18. Bd3 Rxb4 19. O-O Qb8 20. Kh1 Rb2 21. Qe1
Nd5 22. Bc4 Nf4 23. Rf2 Bc6 24. Nce4 Bd5 25. Rxb2 Qxb2 26. Bf1 Bc6 1/2-1/2

[Event "GBR-ch86"]
[Site "Scarborough"]
[Date "1999.08.12"]
[Round "10.6"]
[White "Kunte, Abhijit"]
[Black "Sasikiran, Krishnan"]
[Result "1/2-1/2"]
[WhiteElo "2465"]
[BlackElo "2536"]
[PlyCount "66"]
[EventDate "1999.08.02"]
[EventType "swiss"]
[EventRounds "11"]
[EventCountry "GBR"]

1. e4 c6 2. d4 d5 3. e5 Bf5 4. Nf3 e6 5. Be2 c5 6. Be3 Nd7 7. O-O a6 8. Nbd2
cxd4 9. Nxd4 Bg6 10. f4 Bc5 11. N2b3 Bb6 12. Bf2 Ne7 13. Bh4 Nc5 14. c3 Qd7 15.
Bxe7 Qxe7 16. Nxc5 Bxc5 17. Qa4+ Qd7 18. Qd1 O-O 19. Kh1 b5 20. a3 Qa7 21. f5
exf5 22. Nxf5 Rad8 23. b4 Bb6 24. Bd3 d4 25. c4 bxc4 26. Bxc4 d3 27. Bxd3 Bd4
28. Rb1 Bxe5 29. Qf3 Bb8 30. Rfe1 Bxf5 31. Qxf5 g6 32. Qf3 Qd4 33. Red1 Qe5
1/2-1/2

[Event "GBR-ch86"]
[Site "Scarborough"]
[Date "1999.08.12"]
[Round "10.7"]
[White "Gallagher, Joseph G"]
[Black "Turner, Matthew"]
[Result "0-1"]
[WhiteElo "2521"]
[BlackElo "2478"]
[PlyCount "62"]
[EventDate "1999.08.02"]
[EventType "swiss"]
[EventRounds "11"]
[EventCountry "GBR"]

1. e4 e5 2. Nf3 Nc6 3. Bb5 a6 4. Ba4 Nf6 5. d3 b5 6. Bb3 Bc5 7. c3 d6 8. O-O
Bb6 9. a4 Rb8 10. axb5 axb5 11. Na3 Na5 12. Ba2 b4 13. cxb4 Nc6 14. b5 Nd4 15.
Nxd4 Bxd4 16. Be3 Bxe3 17. fxe3 O-O 18. Bc4 d5 19. exd5 Nxd5 20. Qh5 Qd6 21. d4
Bb7 22. dxe5 Qc5 23. Rf3 Nf6 24. b4 Qxc4 25. Rxf6 Qc3 26. Rff1 Ra8 27. e6 fxe6
28. Qc5 Rxf1+ 29. Rxf1 Qxa3 30. Qe5 Qa2 31. Rf2 Qa1+ 0-1

[Event "GBR-ch86"]
[Site "Scarborough"]
[Date "1999.08.12"]
[Round "10.8"]
[White "Baburin, Alexander"]
[Black "Kidambi, Sundara"]
[Result "1/2-1/2"]
[WhiteElo "2593"]
[BlackElo "2334"]
[PlyCount "92"]
[EventDate "1999.08.02"]
[EventType "swiss"]
[EventRounds "11"]
[EventCountry "GBR"]

1. d4 Nf6 2. c4 g6 3. Nf3 Bg7 4. g3 O-O 5. Bg2 d5 6. cxd5 Nxd5 7. O-O Nb6 8.
Nc3 Nc6 9. d5 Na5 10. Bf4 c6 11. dxc6 Qxd1 12. Rfxd1 Nxc6 13. Rac1 Bf5 14. b3
Rfd8 15. Rxd8+ Rxd8 16. Bc7 Rd7 17. Bxb6 Bxc3 18. Be3 Bb2 19. Rf1 Nb4 20. Bxa7
Nxa2 21. e3 e5 22. Ng5 Bc2 23. Ne4 Rd1 24. Rxd1 Bxd1 25. Nc5 b5 26. Bf1 Nc1 27.
Bxb5 Nxb3 28. Ba4 Nxc5 29. Bxd1 Ba3 30. Bb8 Nd7 31. Bc7 Bc5 32. Ba5 Kf8 33. g4
h6 34. Kg2 Ke7 35. Kf3 f5 36. gxf5 gxf5 37. Bc3 Bd6 38. e4 fxe4+ 39. Kxe4 Nc5+
40. Kf5 Nd3 41. f3 Bb4 42. Bxb4+ Nxb4 43. Kxe5 Nd3+ 44. Kf5 Kf7 45. Bc2 Ne1 46.
Be4 Nxf3 1/2-1/2

[Event "GBR-ch86"]
[Site "Scarborough"]
[Date "1999.08.12"]
[Round "10.9"]
[White "Conquest, Stuart"]
[Black "Dunnington, Angus J"]
[Result "1-0"]
[WhiteElo "2555"]
[BlackElo "2366"]
[PlyCount "89"]
[EventDate "1999.08.02"]
[EventType "swiss"]
[EventRounds "11"]
[EventCountry "GBR"]

1. e4 c6 2. d4 d5 3. e5 c5 4. dxc5 Nc6 5. Bf4 e6 6. Nd2 Nge7 7. Ngf3 Ng6 8. Bg3
Bxc5 9. Bd3 f5 10. exf6 Qxf6 11. O-O O-O 12. c4 Bb6 13. Rc1 Nce7 14. Qb3 Kh8
15. Rfe1 Ba5 16. Qa3 Bxd2 17. Nxd2 Nf5 18. Bxf5 Qxf5 19. cxd5 Qxd5 20. Ne4 b6
21. Nd6 a5 22. Red1 Qh5 23. f3 Ba6 24. Rc7 Nf4 25. Bxf4 Rxf4 26. Nc8 Qg5 27. h4
Qf6 28. Qc3 h6 29. Qxf6 Rxf6 30. Nxb6 Rb8 31. Rd6 Bb5 32. Kf2 Be8 33. Ke3 h5
34. b3 Kh7 35. Nc4 a4 36. bxa4 Bxa4 37. Ne5 Rb5 38. f4 Rb2 39. Nf7 Rxa2 40.
Ng5+ Kg6 41. Nxe6 Bb3 42. Nf8+ Kf5 43. Rc5+ Kg4 44. Rg5+ Kxh4 45. Rxf6 1-0

[Event "GBR-ch86"]
[Site "Scarborough"]
[Date "1999.08.12"]
[Round "10.10"]
[White "Haslinger, Stewart"]
[Black "Davies, Nigel"]
[Result "0-1"]
[WhiteElo "2267"]
[BlackElo "2518"]
[PlyCount "64"]
[EventDate "1999.08.02"]
[EventType "swiss"]
[EventRounds "11"]
[EventCountry "GBR"]

1. e4 c5 2. Nf3 e6 3. d4 cxd4 4. Nxd4 a6 5. Bd3 Qb6 6. Nb3 Qc7 7. O-O Nf6 8. c4
d6 9. Nc3 Nbd7 10. Qe2 g6 11. Be3 Bg7 12. Rfd1 O-O 13. f3 b6 14. Qf2 Rb8 15.
Bf1 Ne5 16. Rac1 Rd8 17. Nd4 h6 18. b3 g5 19. g3 Bb7 20. Bg2 Ba8 21. h3 Qe7 22.
Rd2 Rdc8 23. Qf1 Nh5 24. Nce2 Ng6 25. Kh2 Be5 26. f4 Nxg3 27. Qf3 gxf4 28. Nxg3
fxe3 29. Rd3 Qg5 30. Nde2 f5 31. Kh1 Nh4 32. Qh5 Nxg2 0-1

[Event "GBR-ch86"]
[Site "Scarborough"]
[Date "1999.08.12"]
[Round "10.12"]
[White "Thipsay, Praveen"]
[Black "Broomfield, Matthew"]
[Result "1-0"]
[WhiteElo "2492"]
[BlackElo "2164"]
[PlyCount "89"]
[EventDate "1999.08.02"]
[EventType "swiss"]
[EventRounds "11"]
[EventCountry "GBR"]

1. e4 c5 2. Nf3 d6 3. d4 cxd4 4. Nxd4 Nf6 5. Nc3 e6 6. Be2 Be7 7. O-O O-O 8. f4
Nc6 9. Kh1 Qc7 10. Be3 a6 11. Qe1 Bd7 12. Qg3 b5 13. a3 Rfe8 14. Rae1 Nxd4 15.
Bxd4 Bc6 16. Bd3 Nh5 17. Qh3 Nxf4 18. Rxf4 e5 19. Nd5 Qc8 20. Qg3 Bxd5 21. exd5
exd4 22. Ref1 Rf8 23. Qf3 Qe8 24. Re1 Ra7 25. Rfe4 Qd8 26. Qe2 Re8 27. a4 bxa4
28. Bxa6 Qa5 29. Qb5 Qxb5 30. Bxb5 Rb8 31. Bxa4 Rxa4 32. Rxe7 g6 33. h3 Rxb2
34. Rf1 f5 35. Rc7 Rba2 36. Kh2 d3 37. cxd3 Rd4 38. Re1 Kf8 39. Ree7 Rxd3 40.
Rxh7 Kg8 41. Rcg7+ Kf8 42. Rb7 Kg8 43. Rhd7 Ra8 44. Rxd6 Rc3 45. Rxg6+ 1-0

[Event "GBR-ch86"]
[Site "Scarborough"]
[Date "1999.08.12"]
[Round "10.13"]
[White "Hunt, Harriet"]
[Black "Saravanan, Venkat"]
[Result "1-0"]
[WhiteElo "2420"]
[BlackElo "2429"]
[PlyCount "49"]
[EventDate "1999.08.02"]
[EventType "swiss"]
[EventRounds "11"]
[EventCountry "GBR"]

1. e4 c5 2. Nf3 d6 3. d4 cxd4 4. Nxd4 Nf6 5. Nc3 a6 6. Bg5 e6 7. Be2 Nbd7 8.
O-O b5 9. f4 Bb7 10. Bf3 Qc7 11. a3 Be7 12. Kh1 h6 13. Bxf6 Nxf6 14. e5 dxe5
15. fxe5 Rd8 16. exf6 Bxf6 17. Bxb7 Qxb7 18. Qf3 Qb6 19. Nde2 O-O 20. Rad1 Be5
21. Rxd8 Qxd8 22. Nf4 Qb8 23. g3 b4 24. axb4 Qxb4 25. Nd3 1-0

[Event "GBR-ch86"]
[Site "Scarborough"]
[Date "1999.08.12"]
[Round "10.14"]
[White "Houska, Miroslav"]
[Black "Pert, Nicholas"]
[Result "1/2-1/2"]
[WhiteElo "2364"]
[BlackElo "2425"]
[PlyCount "126"]
[EventDate "1999.08.02"]
[EventType "swiss"]
[EventRounds "11"]
[EventCountry "GBR"]

1. d4 e6 2. c4 f5 3. g3 Nf6 4. Bg2 Be7 5. Nf3 O-O 6. O-O Ne4 7. Nc3 Bf6 8. Qc2
d5 9. b3 c5 10. cxd5 Nxc3 11. Qxc3 Qxd5 12. e3 Rd8 13. Bb2 Nc6 14. Rad1 cxd4
15. exd4 Qd6 16. Rfe1 Bd7 17. Ne5 Rac8 18. Nc4 Qc7 19. Qe3 Nb4 20. Qd2 Nd5 21.
Ba3 Bb5 22. Rxe6 Bxc4 23. bxc4 Qxc4 24. Qa5 b6 25. Qxa7 Nc3 26. Rde1 Nb5 27.
Qb7 Nxa3 28. Re8+ Rxe8 29. Bd5+ Qxd5 30. Qxd5+ Kh8 31. Rxe8+ Rxe8 32. Qb3 Ra8
33. Qxb6 h6 34. Qb7 Rd8 35. Qb3 Be7 36. d5 f4 37. Kg2 Rf8 38. f3 fxg3 39. hxg3
Bd6 40. Qb6 Rf6 41. Qc6 Kh7 42. Qa6 Kg6 43. f4 Kf7 44. g4 Be7 45. Qb7 Nc4 46.
Kg3 Nb6 47. a4 Nxa4 48. d6 Rxd6 49. Qb3+ Kf8 50. Qxa4 Rf6 51. Qa8+ Kf7 52. Qd5+
Kf8 53. g5 hxg5 54. fxg5 Rd6 55. Qf5+ Ke8 56. g6 Bf6 57. Qc8+ Bd8 58. Qc2 Bf6
59. Kf4 Kd7 60. Qa4+ Kc7 61. Qa5+ Kc6 62. Qa6+ Kc7 63. Qa7+ Kc6 1/2-1/2

[Event "GBR-ch86"]
[Site "Scarborough"]
[Date "1999.08.12"]
[Round "10.16"]
[White "Summerscale, Aaron"]
[Black "Shaw, Robert"]
[Result "1-0"]
[WhiteElo "2423"]
[BlackElo "2184"]
[PlyCount "105"]
[EventDate "1999.08.02"]
[EventType "swiss"]
[EventRounds "11"]
[EventCountry "GBR"]

1. c4 e6 2. g3 d5 3. Bg2 c5 4. cxd5 exd5 5. d4 Nf6 6. Nf3 Nc6 7. Nc3 Be7 8. O-O
O-O 9. Bg5 cxd4 10. Nxd4 h6 11. Be3 Be6 12. Rc1 Qd7 13. Nxc6 bxc6 14. Na4 Bh3
15. Bc5 Bxg2 16. Kxg2 Rfe8 17. Bxe7 Rxe7 18. e3 Rb8 19. b3 Rb4 20. Nc5 Qf5 21.
Qf3 Qg6 22. Rfd1 Ne4 23. Qf4 a5 24. Nxe4 Rbxe4 25. Qb8+ Kh7 26. Qb6 R7e6 27.
Rd4 Rf6 28. Kg1 Qf5 29. Rd2 Qf3 30. Rxc6 Rxe3 31. Qxe3 Qxe3 32. fxe3 Rxc6 33.
Kf1 Kg6 34. Rxd5 a4 35. Ke2 axb3 36. axb3 Rb6 37. Rd3 Kf5 38. h3 Ke5 39. g4 Rb7
40. Rc3 Ke4 41. Rc4+ Ke5 42. b4 Ra7 43. Kd3 Ra1 44. Kc2 Kd5 45. Rc7 Re1 46. Rc3
Ra1 47. Kb2 Ra6 48. Kb3 Ra1 49. b5 f5 50. gxf5 Ke4 51. Kb4 Kxf5 52. b6 Ra8 53.
Kb5 1-0

[Event "GBR-ch86"]
[Site "Scarborough"]
[Date "1999.08.12"]
[Round "10.17"]
[White "Bin-Sattar, Reefat"]
[Black "Houska, Jovanka"]
[Result "0-1"]
[WhiteElo "2377"]
[BlackElo "2251"]
[PlyCount "86"]
[EventDate "1999.08.02"]
[EventType "swiss"]
[EventRounds "11"]
[EventCountry "GBR"]

1. e4 d5 2. exd5 Nf6 3. d4 Nxd5 4. c4 Nb6 5. Nc3 e5 6. Qe2 Qxd4 7. Be3 Qg4 8.
Nf3 Be6 9. O-O-O Nc6 10. c5 Nd7 11. h3 Qb4 12. Nd5 Qa5 13. Qb5 O-O-O 14. Qxa5
Nxa5 15. b4 Nc6 16. a3 Nxc5 17. Bc4 Ne4 18. Kb2 a6 19. Bb3 h6 20. Rhe1 g5 21.
Ng1 Bg7 22. Ne2 Kb8 23. f3 Nd6 24. Ka2 Nf5 25. Bc5 b6 26. Bf2 Nfd4 27. Nxd4
Nxd4 28. Bxd4 exd4 29. Ne7 Bxb3+ 30. Kxb3 Kb7 31. Nf5 Bf6 32. Ng3 Rd7 33. Nh5
Be7 34. g4 Rhd8 35. Ng3 Bd6 36. Nf5 Bf4 37. Rd3 a5 38. Nxh6 axb4 39. axb4 c5
40. Nf5 Kc6 41. bxc5 bxc5 42. Ne7+ Kb5 43. Kc2 c4 0-1

[Event "GBR-ch86"]
[Site "Scarborough"]
[Date "1999.08.12"]
[Round "10.18"]
[White "Buckley, Simon"]
[Black "Heidenfeld, Mark"]
[Result "1-0"]
[WhiteElo "2216"]
[BlackElo "2368"]
[PlyCount "60"]
[EventDate "1999.08.02"]
[EventType "swiss"]
[EventRounds "11"]
[EventCountry "GBR"]

1. e4 e5 2. Nf3 Nc6 3. Bc4 Bc5 4. d3 Nf6 5. Nc3 d6 6. Bg5 Be6 7. Nd5 Bxd5 8.
Bxd5 h6 9. Bh4 Qe7 10. c3 Nd8 11. O-O g5 12. Bg3 Bb6 13. d4 Nxd5 14. exd5 f6
15. Re1 Nf7 16. a4 a6 17. a5 Ba7 18. Qc2 O-O-O 19. b4 Qd7 20. c4 e4 21. Nd2 f5
22. b5 axb5 23. Rab1 Rde8 24. cxb5 Kd8 25. b6 Bb8 26. a6 bxa6 27. bxc7+ Qxc7
28. Qa4 f4 29. Rec1 Qd7 30. Qc6 Ke7 1-0

[Event "GBR-ch86"]
[Site "Scarborough"]
[Date "1999.08.12"]
[Round "10.19"]
[White "Al-Rakib, Abdullah"]
[Black "Naylor, John"]
[Result "1-0"]
[WhiteElo "2367"]
[BlackElo "2233"]
[PlyCount "61"]
[EventDate "1999.08.02"]
[EventType "swiss"]
[EventRounds "11"]
[EventCountry "GBR"]

1. d4 Nf6 2. Nf3 g6 3. Nc3 d5 4. Bf4 Bg7 5. e3 O-O 6. Be2 c5 7. dxc5 Nbd7 8.
O-O Nxc5 9. Be5 e6 10. Nb5 Bd7 11. Bc7 Qc8 12. Bd6 Rd8 13. Be7 Re8 14. Nd6 Qc7
15. Nxe8 Rxe8 16. Bxc5 Qxc5 17. c3 e5 18. Qb3 b6 19. a4 Ne4 20. Bb5 Rd8 21.
Bxd7 Rxd7 22. Rfd1 g5 23. Qb5 Rd8 24. Qxc5 bxc5 25. Nd2 Nd6 26. Nb3 Nb7 27.
Rac1 f5 28. f3 e4 29. Rc2 Kf7 30. Rcd2 c4 31. Rxd5 1-0

[Event "GBR-ch86"]
[Site "Scarborough"]
[Date "1999.08.12"]
[Round "10.20"]
[White "Scannell, Stephen"]
[Black "Aikhoje, Odion"]
[Result "1/2-1/2"]
[WhiteElo "2069"]
[BlackElo "2341"]
[PlyCount "73"]
[EventDate "1999.08.02"]
[EventType "swiss"]
[EventRounds "11"]
[EventCountry "GBR"]

1. d4 Nf6 2. Nf3 d5 3. e3 Bg4 4. c4 e6 5. Qb3 Qc8 6. Ne5 Bf5 7. Nc3 c6 8. cxd5
exd5 9. Bd2 Nbd7 10. f4 Ne4 11. Nxe4 Bxe4 12. Rc1 a5 13. a4 Bd6 14. Be2 Nf6 15.
O-O Bf5 16. Nd3 O-O 17. Qd1 Re8 18. Ne5 Ne4 19. Be1 f6 20. Nd3 Bf8 21. g4 Bg6
22. f5 Bf7 23. Rf3 Ng5 24. Rg3 Bd6 25. Nf4 Qc7 26. Bd2 Qb6 27. Be1 Re7 28. h4
Ne4 29. Rf3 Qxb2 30. Rb1 Qa3 31. Ra1 Qb2 32. Rb1 Qa3 33. Ra1 Nc3 34. Bxc3 Qxc3
35. Rc1 Qb2 36. Rb1 Qa2 37. Ra1 1/2-1/2

[Event "GBR-ch86"]
[Site "Scarborough"]
[Date "1999.08.12"]
[Round "10.21"]
[White "Williams, Simon Kim"]
[Black "Simons, Martin"]
[Result "1-0"]
[WhiteElo "2421"]
[BlackElo "2264"]
[PlyCount "79"]
[EventDate "1999.08.02"]
[EventType "swiss"]
[EventRounds "11"]
[EventCountry "GBR"]

1. f3 e5 2. Kf2 d5 3. e3 Nf6 4. d4 Nc6 5. Bb5 Bd6 6. Ne2 O-O 7. Re1 e4 8. Ng3
h5 9. f4 Bg4 10. Be2 g6 11. Kg1 Qe7 12. a3 b5 13. b3 Qe6 14. Bd2 Ne7 15. Bb4 a5
16. Bxd6 Qxd6 17. Bxg4 Nxg4 18. c4 bxc4 19. bxc4 c5 20. Nc3 h4 21. Qxg4 hxg3
22. cxd5 gxh2+ 23. Kxh2 f5 24. dxc5 Qxc5 25. Qg5 Kf7 26. Rac1 Rh8+ 27. Kg1 Rh5
28. Nxe4 Qb6 29. Rc6 Qxc6 30. dxc6 Rxg5 31. Nxg5+ Ke8 32. e4 Rc8 33. exf5 gxf5
34. Re5 Rxc6 35. Rxa5 Rc4 36. g3 Rc3 37. Kg2 Rc2+ 38. Kh3 Rc3 39. a4 Ra3 40.
Ne6 1-0

[Event "GBR-ch86"]
[Site "Scarborough"]
[Date "1999.08.12"]
[Round "10.22"]
[White "Waters, Clive"]
[Black "Cobb, James E"]
[Result "0-1"]
[WhiteElo "2158"]
[BlackElo "2349"]
[PlyCount "118"]
[EventDate "1999.08.02"]
[EventType "swiss"]
[EventRounds "11"]
[EventCountry "GBR"]

1. d4 Nf6 2. Nf3 e6 3. c3 c5 4. Bg5 Be7 5. Nbd2 b6 6. e3 Bb7 7. Bd3 cxd4 8.
cxd4 O-O 9. O-O d6 10. Qe2 Nbd7 11. Rfd1 Nd5 12. Bxe7 Qxe7 13. a3 f5 14. Ba6
Bxa6 15. Qxa6 N7f6 16. Rac1 Ne4 17. Rc2 Qf7 18. Rdc1 Rae8 19. Qe2 Qh5 20. Qa6
Qf7 21. Qe2 Nxd2 22. Qxd2 Qd7 23. Qd3 Rc8 24. h3 h6 25. Nd2 Rxc2 26. Qxc2 Rd8
27. Qc4 Ne7 28. Qc7 Kf7 29. Qxd7 Rxd7 30. Nb1 e5 31. a4 Ke6 32. Nc3 Rc7 33. Rd1
e4 34. d5+ Ke5 35. f4+ exf3 36. gxf3 g5 37. f4+ gxf4 38. exf4+ Kxf4 39. Re1 a6
40. Re6 Rd7 41. Rxh6 Ke5 42. Re6+ Kd4 43. Re1 Kc4 44. Rd1 b5 45. axb5 axb5 46.
Ne2 Nxd5 47. b3+ Kc5 48. Nd4 Ne7 49. Ne6+ Kb4 50. Rd3 Nc6 51. Kf2 d5 52. Nf4 d4
53. Ne2 Kc5 54. Rf3 d3 55. Rxf5+ Kb4 56. Nf4 d2 57. Nd5+ Kxb3 58. Ne3 b4 59.
Rf4 d1=Q 0-1

[Event "GBR-ch86"]
[Site "Scarborough"]
[Date "1999.08.12"]
[Round "10.24"]
[White "Duncan, Christopher R"]
[Black "Hanley, Craig"]
[Result "1/2-1/2"]
[WhiteElo "2297"]
[BlackElo "2178"]
[PlyCount "91"]
[EventDate "1999.08.02"]
[EventType "swiss"]
[EventRounds "11"]
[EventCountry "GBR"]

1. c4 e5 2. Nc3 Nf6 3. g3 d6 4. Nf3 c6 5. d4 Nbd7 6. Bg2 Be7 7. e4 a6 8. d5 O-O
9. O-O a5 10. Ne1 Re8 11. Nd3 Bf8 12. Be3 Qc7 13. a3 Nb6 14. b3 Bd7 15. Nb2 g6
16. h3 cxd5 17. exd5 Bg7 18. Rc1 Rac8 19. Qd2 a4 20. Nb5 Bxb5 21. cxb5 Qd8 22.
Rxc8 Nxc8 23. bxa4 Ne7 24. Nc4 e4 25. Bg5 Nexd5 26. Qxd5 Nxd5 27. Bxd8 Rxd8 28.
Bxe4 Nc3 29. Bxb7 d5 30. Nd2 Nxa4 31. Rb1 Bc3 32. Nf1 d4 33. Bf3 Rb8 34. Bd1
Nb2 35. a4 Kf8 36. Kg2 Ke7 37. Kf3 Kd6 38. Nd2 Kc5 39. Ne4+ Kb4 40. Bc2 Rd8 41.
Bd1 d3 42. b6 Bd4 43. Nd2 Kc3 44. Ne4+ Kb4 45. Nd2 Kc3 46. Ne4+ 1/2-1/2

[Event "GBR-ch86"]
[Site "Scarborough"]
[Date "1999.08.12"]
[Round "10.27"]
[White "Mason, Donald"]
[Black "Ledger, Stephen C"]
[Result "1-0"]
[WhiteElo "2284"]
[BlackElo "2162"]
[PlyCount "79"]
[EventDate "1999.08.02"]
[EventType "swiss"]
[EventRounds "11"]
[EventCountry "GBR"]

1. e4 c5 2. Nc3 Nc6 3. g3 g6 4. Bg2 Bg7 5. d3 d6 6. f4 e6 7. Nf3 Nge7 8. O-O
O-O 9. Be3 Nd4 10. Bf2 Nec6 11. Nxd4 Nxd4 12. e5 dxe5 13. fxe5 Bxe5 14. Ne4 f5
15. Nxc5 Qc7 16. b4 Nc6 17. d4 Bg7 18. c3 b6 19. Qf3 bxc5 20. Qxc6 Qxc6 21.
Bxc6 Rb8 22. bxc5 Ba6 23. Rfb1 Kf7 24. Rb4 Rxb4 25. cxb4 Bc4 26. Rc1 Be2 27.
Rc2 Bd3 28. Rd2 Bc4 29. Be3 Rd8 30. Kf2 Bf6 31. Rc2 Bd3 32. Rc3 Bb1 33. Ra3
Bxd4 34. Rxa7+ Kf6 35. Bd7 e5 36. Bxd4 exd4 37. c6 Kg5 38. c7 Rxd7 39. c8=Q
Rxa7 40. Qc1+ 1-0

[Event "GBR-ch86"]
[Site "Scarborough"]
[Date "1999.08.12"]
[Round "10.32"]
[White "Rudd, Jack"]
[Black "Bisby, Daniel"]
[Result "0-1"]
[WhiteElo "2185"]
[BlackElo "2252"]
[PlyCount "80"]
[EventDate "1999.08.02"]
[EventType "swiss"]
[EventRounds "11"]
[EventCountry "GBR"]

1. e4 c5 2. Nf3 d6 3. d4 cxd4 4. Nxd4 Nf6 5. Nc3 g6 6. Be3 Bg7 7. f3 Nc6 8. Qd2
O-O 9. Bc4 Nd7 10. O-O-O Nb6 11. Bb3 Na5 12. Kb1 Nbc4 13. Qe2 Nxe3 14. Qxe3
Nxb3 15. cxb3 Bd7 16. h4 h5 17. g4 hxg4 18. h5 e5 19. Nde2 Qb6 20. Qd2 gxf3 21.
Nd5 Qd8 22. Nec3 Bg4 23. Rdg1 gxh5 24. Ne3 Qg5 25. Rxg4 hxg4 26. Nf5 f6 27.
Qd5+ Rf7 28. Nb5 Bf8 29. Nc7 g3 30. Rh7 Qg6 31. Rxf7 Qxf7 32. Nxg3 Qxd5 33.
Nxd5 Kf7 34. Kc2 Bh6 35. Nf5 f2 36. Nxh6+ Kg6 37. Ne3 Kxh6 38. Ng4+ Kg5 39.
Nxf2 Kf4 40. Kd3 Rg8 0-1